000 00961nam a2200277Ia 4500
003 OSt
005 20220927105729.0
006 a|||||r|||| 00| 0
007 ta
008 220926b |||||||| |||| 00| 0 eng d
024 _a203402
037 _cReference Collections
040 _aRTL
_cRTL
_beng
041 _2eng
_aeng
082 _a"X:75.2, Q3"
100 _aSHAH Shekhar
_9374535
245 0 _aIndia Policy Forum. Vol. 9
_b 2012/13
260 _aNew
_b"Delhi, National Council of Applied Economic Research, "
_c2013
300 _a"xxiii,238p."
_ccm.
490 _a"University of Delhi, Geography (Deptt. of-), Thesis. Thesis, University of Delhi, Geography (Deptt. of-"
500 _aBibliography: P 372-397; Appendix: P 398-406
700 _a BOSWORTH Barry
_9374536
700 _a PANAGARIYA Arvind
_9374537
942 _h"X:75.2, Q3"
_cCC
999 _c694215
_d694215